Datum a čas kvízu
29.5
Celkem bodů
Celkový počet nahraných bodů na tomto kvízu bez doplňovacích otázek.
3.
Pořadí na kvízu
Konečné umístění týmu na tomto kvízu.
Zaznamenané odpovědi
| # | Otázka | Odpověď | Body | Výsledky |
|---|---|---|---|---|
| -14. | O víkendu se konaly volby do p... | 1A 2D 3B 4C | 1 | |
| -13. | V pondělí společnost Disney oz... | Simpsonovi ve filmu | 0 | |
| -12. | Po třech letech se do pražské... | OneRepublic, Ryan Tedder | 1 | |
| -11. | Na Evropu se v závěru minulého... | Amy | 1 | |
| -10. | Další velkolepé vítězství si o... | v Las Vegas | 1 | |
| 6. | Zelené šaty, botky ___, zejtra... | rudé | 0 | |
| 7. | Kdy přesně došlo k prvnímu při... | v červenci 1969 | 0 | |
| 8. | Stmívání, Zatmění, Rozbřesk. T... | Nový měsíc | 1 | |
| 9. | Přiřaďte historické události k... | 1A 2B 3C 4D | 1 | |
| 10. | Napište české rodové i druhové... | měsíček lékařský | 1 |